Movies Quiz

Random Movies or Actor Quiz

The sexiest actors alive. Quiz Stats

 Plays Quiz not verified by Sporcle

Challenge
Share
Tweet
Embed
Score 0/10 Timer 10:00
0 Plays Today
% Correct
Brad Pitt
92.6%
Orlando Bloom
13%
Chris Hemsworth
13%
Jonny Depp
9.3%
Jake Gyllenhaal
5.6%
Ben Barnes
3.7%
Colin Morgan
1.9%
James Franco
1.9%
Bradey Cooper
0%
Hugh Jackmen
0%

You're not logged in!

Compare scores with friends on all Sporcle quizzes.
OR
Log In

You Might Also Like...

Show Comments

Extras

Created Jan 25, 2013ReportNominate
Tags:Actor Quiz, alive, men, sexiest

Top Quizzes Today


Score Distribution

Your Account Isn't Verified!

In order to create a playlist on Sporcle, you need to verify the email address you used during registration. Go to your Sporcle Settings to finish the process.

Report this User

Report this user for behavior that violates our Community Guidelines.

Details: